| 000 | 00697nam a22002650a 4500 | ||
|---|---|---|---|
| 001 | PT36885 | ||
| 003 | AR-LpoUNG | ||
| 005 | 20210131230410.0 | ||
| 008 | 191001s1998||||mx |||||||||||||||||spa d | ||
| 020 |
_a9681655397 _c$4.90 |
||
| 040 |
_aAR-LpoUNG _bspa _cAR-LpoUNG _eaacr |
||
| 041 | _aspa | ||
| 044 | _amx | ||
| 082 | 0 | _a808.068 3 62ard | |
| 100 | 1 | _aKitamura, Satoshi | |
| 245 | 1 | 0 | _aArdilla tiene hambre |
| 250 | _a1§ edición | ||
| 260 |
_aMéxico, D. F. : _bFondo de Cultura Económica, _c1998. |
||
| 300 |
_a[12] p. : _bil. |
||
| 505 | 0 | _aSugerido a partir de 0 años (etiqueta ROJA) | |
| 650 | 4 | _aCUENTOS | |
| 653 | _aLITERATURA INFANTIL | ||
| 905 | _a36885 | ||
| 942 | _cLIB | ||
| 999 |
_c3164 _d3164 |
||